Early history of the Disciples in the Western Reserve, Ohio ; with biographical sketches of the principal agents in their religious movement /

Bibliographic Details
Main Author: Hayden, A. S. (Amos Sutton), 1813-1880
Format: Book
Language:English
Published: [New York] : [Arno Press], [1972]
Series:Religion in America.
Subjects:

MARC

Tag First Indicator Second Indicator Subfields
LEADER 00000pam a2200000 4500
001 in00000478713
005 20151013052451.0
008 720204c19721875nyu 00000 eng
010 |a  76038449  
020 |a 0405040687 
035 |a (OCoLC)00241035 
035 |9 ACB5619AM 
040 |a DLC  |c DLC  |d TXA  |d UtOrBLW 
043 |a n-us-oh 
049 |a TXAM  |c [1183778] 
050 0 0 |a BX7317.O3  |b H3 1972 
082 0 |a 286/.6771 
100 1 |a Hayden, A. S.  |q (Amos Sutton),  |d 1813-1880. 
245 1 0 |a Early history of the Disciples in the Western Reserve, Ohio ;  |b with biographical sketches of the principal agents in their religious movement /  |c Cincinnati, Chase & Hall. 
264 1 |a [New York] :  |b [Arno Press],  |c [1972] 
264 4 |c [©1875] 
300 |a 476 pages ;  |c 22 cm. 
336 |a text  |b txt  |2 rdacontent 
337 |a unmediated  |b n  |2 rdamedia 
338 |a volume  |b nc  |2 rdacarrier 
490 1 |a Religion in America. Series II 
610 2 0 |a Disciples of Christ  |z Ohio. 
830 0 |a Religion in America.  |n Series II. 
999 |a MARS 
999 f f |s de849934-59a9-319b-8f6e-4a71087b89dc  |i 34aca377-48b6-383a-bbbe-b050a6962298  |t 0 
952 f f |p ric  |a Texas A&M University  |b Rellis Campus  |c Joint Library Facility  |d Remote Storage  |t 0  |e BX7317.O3 H3 1972  |h Library of Congress classification  |i unmediated -- volume  |m A14801828686 
998 f f |a BX7317.O3 H3 1972  |t 0  |l Remote Storage